| 000 | 00768nam a22002177a 4500 | ||
|---|---|---|---|
| 999 |
_c8208 _d8208 |
||
| 003 | AR-CdUCM | ||
| 008 | 190322b ||||| |||| 00| 0 spa d | ||
| 020 | _a968-451-195-7 | ||
| 040 |
_aMUNICIPALIDAD PROVINCIAL DEL CUSCO _cBIBLIOTECA MUNICIPAL DEL CUSCO |
||
| 041 | _heng | ||
| 082 |
_a660.28 / _bB14 |
||
| 100 |
_aBadger, Walter L. _923123 |
||
| 245 | _aIntroducción a la ingeniería química / | ||
| 260 |
_aMéxico : _bMcgraw-Hill, _c1980. |
||
| 300 |
_a776 páginas ; _bIlustraciones, _c22.5 cm. |
||
| 505 | _aMovimiento de fluidos -- Transporte de fluidos -- Transmisión del calor -- Evaporación -- Destilación -- Extracción ... | ||
| 650 |
_aIngeniería química _919696 |
||
| 700 |
_aBanchero, Julius T. _923124 |
||
| 942 |
_2ddc _cLIBROS |
||
| 945 | _aacv | ||